Elliott smith songs - sudden death - Statistics

General Stats
  • This quiz has been taken 241 times
  • The average score is 6 of 11
Answers on the Grid
Answers color-coded by a green-red scale on the quiz's grid according to % correct below.
Wouldn’t mama be proud
Whenever, wherever
Twilight
Tomorrow tomorrow
Thick of it
The last hour
The biggest lie
That’s all I wanna do
Stupidity trials
Statistics (feat. Lil
Timmy tim
Spider man 2
Shirtless jam (instagram)
Pictures of me
Opened once
No name #63726383
Mr royal tenenbaum
Mr miserable
Last call
I didn’t understand
Good will hunting
Going nowhere
Floor to floor
Damaged bad at best
Clementine
Between the freaky bars
Angel in the snow
Alabama
4:25 PM
 
Answer Stats
Answer % Correct
Twilight
82%
The biggest lie
77%
Clementine
66%
Wouldn’t mama be proud
64%
Tomorrow tomorrow
59%
Pictures of me
55%
The last hour
51%
Angel in the snow
49%
Last call
46%
Going nowhere
41%
I didn’t understand
41%
No matching quizzes found
Score Distribution
Percent of People with Each Score
Percentile by Number Answered
Your Score History
You have not taken this quiz